صفوة النفوس: تفسير للقران الكريم، جامع بين الماثور والمعقول، مستمد من اوثق كتب التفسير(الطبري، الكشاف، القرطبي، الالوسي، ابن كثير، البحر المحيط،) وغيرها باسلوب ميسر، وتنظيم حديث، مع العناية بالوجود البيانية واللغوية مج3 (Record no. 31666)
[ view plain ]
| 000 -LEADER | |
|---|---|
| fixed length control field | 01038nam a2200205Ii 4500 |
| 003 - CONTROL NUMBER IDENTIFIER | |
| control field | JO-AjNU |
| 008 - FIXED-LENGTH DATA ELEMENTS--GENERAL INFORMATION | |
| fixed length control field | 230605s9999||||xx |||||||||||||| ||und|| |
| 040 ## - CATALOGING SOURCE | |
| Original cataloging agency | JO-AjNU |
| Language of cataloging | ara |
| Description conventions | rda |
| Transcribing agency | JO-AjNU |
| 041 ## - LANGUAGE CODE | |
| Language code of text/sound track or separate title | ara |
| 050 14 - LIBRARY OF CONGRESS CALL NUMBER | |
| Classification number | BP130.4.S236 1981 |
| 100 3# - MAIN ENTRY--PERSONAL NAME | |
| Personal name | تاليف الصابوني، محمد علي , |
| Relator term | author |
| 9 (RLIN) | 62090 |
| 245 00 - TITLE STATEMENT | |
| Title | صفوة النفوس: تفسير للقران الكريم، جامع بين الماثور والمعقول، مستمد من اوثق كتب التفسير(الطبري، الكشاف، القرطبي، الالوسي، ابن كثير، البحر المحيط،) وغيرها باسلوب ميسر، وتنظيم حديث، مع العناية بالوجود البيانية واللغوية مج3 |
| 250 ## - EDITION STATEMENT | |
| Edition statement | ط1 |
| 264 31 - PRODUCTION, PUBLICATION, DISTRIBUTION, MANUFACTURE, AND COPYRIGHT NOTICE | |
| Place of production, publication, distribution, manufacture | بيروت: دار القرآن الكريم، 1981 |
| 300 ## - PHYSICAL DESCRIPTION | |
| Extent | ج3: 638ص |
| 336 ## - CONTENT TYPE | |
| Content type term | text |
| Content type code | txt |
| Source | rdacontent |
| 337 ## - MEDIA TYPE | |
| Media type term | unmediated |
| Media type code | n |
| Source | rdamedia |
| 338 ## - CARRIER TYPE | |
| Carrier type term | volume |
| Carrier type code | nc |
| Source | rdacarrier |
| 650 #4 - SUBJECT ADDED ENTRY--TOPICAL TERM | |
| Topical term or geographic name entry element | القران الكريم-تفاسير حديثة |
| 9 (RLIN) | 62091 |
| Withdrawn status | Lost status | Source of classification or shelving scheme | Damaged status | Not for loan | Home library | Current library | Shelving location | Date acquired | Total Checkouts | Full call number | Barcode | Date last seen | Price effective from | Koha item type |
|---|---|---|---|---|---|---|---|---|---|---|---|---|---|---|
| Library of Congress Classification | مكتبة جامعة عجلون الوطنية | مكتبة جامعة عجلون الوطنية | المراجع | 06/06/2023 | BP130.4.S236 1981 | A28098 | 06/06/2023 | 06/06/2023 | Reference |